| 000 | 00951cam a22002532 4500 | ||
|---|---|---|---|
| 001 | 0000019408 | ||
| 005 | 20151217145914.0 | ||
| 008 | 101115s xx 000 0 eng d | ||
| 020 | _a0421710108 : | ||
| 040 |
_aKABU _cKABU |
||
| 245 | 1 | 0 |
_aHealth care law : _btext and materials / _cJean McHale ... [et al.]. |
| 250 | _a2nd ed. | ||
| 260 |
_aLondon : _bSweet & Maxwell, _c2007. |
||
| 300 | _axxxvi, 1204 p. | ||
| 650 | 0 |
_aMedical care _xLaw and legislation. _zGreat Britain. _@0000178751 |
|
| 700 | 1 |
_aMcHale, Jean. _@0000179682 |
|
| 852 | 1 | _9p4700.80 KES | |
| 852 | 1 | _9p4700.80 KES | |
| 852 | 1 | _9p4290 KES | |
| 852 | 1 | _9p4393 KES | |
| 852 | 1 | _9p5330 KES | |
| 908 | _a101115 | ||
| 950 | _@1 | ||
| 999 |
_c3919 _d3919 |
||